Normal view
MARC view
- قانون البيع -- قانون مدني
Entry Topical Term
001 - CONTROL NUMBER
- control field: 12729
003 - CONTROL NUMBER IDENTIFIER
- control field: JO-AjAnu
005 - DATE AND TIME OF LATEST TRANSACTION
- control field: 20230606072335.0
008 - FIXED-LENGTH DATA ELEMENTS
- fixed length control field: 230606|| aca||aabn | a|a d
040 ## - CATALOGING SOURCE
- Original cataloging agency: JO-AjAnu
- Transcribing agency: JO-AjAnu
150 ## - HEADING--TOPICAL TERM
- Topical term or geographic name entry element: قانون البيع -- قانون مدني
670 ## - SOURCE DATA FOUND
- Source citation: Work cat.: (JO-AjAnu)6549: الزعبي ، محمد يوسف , author 12728, العقود المسماة : شرح عقد البيع في القانون المدني